000
00340nam a22001457a 4500
008
210312b ||||| |||| 00| 0 eng d
020
_a
0916730123
041
_a
eng
080
_a
616.8
082
_a
616.8
100
_a
7
101
_a
NEU
245
_a
Coping with Neurologic Problems Proficiently
_c
NursingSkillbook
942
_2
udc
_c
BK
999
_c
56563
_d
56563